[Event "Wisla Fianchetto op 5th"]
[Site "Wisla"]
[Date "2000.10.15"]
[Round "10.16"]
[White "Czymbor, Ryszard"]
[Black "Zielinski, Jan"]
[Result "0-1"]
[WhiteElo "2000"]
[BlackElo "2000"]
[PlyCount "47"]
[EventDate "2000.10.??"]
[EventType "swiss"]
[EventRounds "11"]
[EventCountry "POL"]
[SourceTitle "EXT 2005"]
[Source "ChessBase"]
[SourceDate "2004.11.15"]
[SourceVersion "1"]
[SourceVersionDate "2004.11.15"]
[SourceQuality "1"]

1. Nf3 Nf6 2. d4 d5 3. e3 g6 4. c4 Bg7 5. Nc3 0-0 6. cxd5 Nxd5 7. Qc2 c6 8. Be2 Nd7 9. Nxd5 cxd5 10. 0-0 a6 11. a3 b5 12. b4 Nb6 13. Rd1 Bf5 14. Bd3 Rc8 15. Qe2 Bg4 16. h3 Bd7 17. Bb2 Nc4 18. Rac1 Qb6 19. Rc2 Rc7 20. Rb1 Rfc8 21. Bxc4 dxc4 22. Bc3 e6 23. Rd1 f5 24. d5 0-1

[Event "Wisla Fianchetto op 5th"]
[Site "Wisla"]
[Date "2000.10.11"]
[Round "6.18"]
[White "Czymbor, Ryszard"]
[Black "Opolski, Wojciech"]
[Result "1/2-1/2"]
[WhiteElo "2000"]
[BlackElo "2000"]
[PlyCount "110"]
[EventDate "2000.10.??"]
[EventType "swiss"]
[EventRounds "11"]
[EventCountry "POL"]
[SourceTitle "EXT 2005"]
[Source "ChessBase"]
[SourceDate "2004.11.15"]
[SourceVersion "1"]
[SourceVersionDate "2004.11.15"]
[SourceQuality "1"]

1. Nf3 d5 2. d4 Nf6 3. e3 Nc6 4. c4 e6 5. Nc3 Be7 6. cxd5 exd5 7. Bb5 0-0 8. 0-0 Bg4 9. h3 Bh5 10. a3 Ne4 11. Be2 f5 12. Qb3 Nxc3 13. bxc3 Rb8 14. Re1 Kh8 15. Bb2 f4 16. exf4 Rxf4 17. Bc1 Re4 18. Be3 Bd6 19. Nd2 Bxe2 20. Rxe2 Re8 21. Nf3 Qd7 22. Qc2 h6 23. a4 Na5 24. Rae1 Nc4 25. Bc1 Rxe2 26. Qxe2 Rf8 27. Nh4 Rf6 28. Qh5 Qf7 29. Re8+ Kh7 30. Qxf7 Rxf7 31. Nf3 a5 32. Kf1 Nb6 33. Ne5 Re7 34. Rxe7 Bxe7 35. Nd3 Nxa4 36. Bd2 b6 37. Ke1 c5 38. dxc5 Nxc5 39. Nf4 d4 40. cxd4 Nb3 41. Bc3 b5 42. Nd5 Bd6 43. Kd1 b4 44. Kc2 a4 45. Nxb4 Nxd4+ 46. Bxd4 Bxb4 47. Bc3 Bc5 48. f3 g5 49. Kd3 Kg6 50. Kc4 Be7 51. g4 Kf7 52. Bd4 a3 53. Kb3 Bf8 54. Bc3 Ke6 55. Bd4 Kd5 1/2-1/2

[Event "Wisla Fianchetto op 5th"]
[Site "Wisla"]
[Date "2000.10.07"]
[Round "1.7"]
[White "Rogalewicz, Marek"]
[Black "Czymbor, Ryszard"]
[Result "1/2-1/2"]
[WhiteElo "2088"]
[BlackElo "2000"]
[PlyCount "57"]
[EventDate "2000.10.??"]
[EventType "swiss"]
[EventRounds "11"]
[EventCountry "POL"]
[SourceTitle "EXT 2005"]
[Source "ChessBase"]
[SourceDate "2004.11.15"]
[SourceVersion "1"]
[SourceVersionDate "2004.11.15"]
[SourceQuality "1"]

1. e4 c6 2. d4 d5 3. Nd2 dxe4 4. Nxe4 Bf5 5. Ng3 Bg6 6. h4 h6 7. Nf3 e6 8. h5 Bh7 9. Bd3 Bxd3 10. Qxd3 Nd7 11. Bf4 Ngf6 12. 0-0-0 Be7 13. Kb1 0-0 14. Ne4 Nxe4 15. Qxe4 Nf6 16. Qe2 Bd6 17. Ne5 Nd5 18. Bc1 Qe7 19. g4 Rfd8 20. f4 Bxe5 21. dxe5 Qb4 22. Qf3 a5 23. g5 hxg5 24. fxg5 Ne7 25. h6 Rxd1 26. Rxd1 Nf5 27. hxg7 Kxg7 28. Rd7 Kg6 29. Qb3 1/2-1/2